<?xml version="1.0" encoding="UTF-8"?>
<collection xmlns="http://www.loc.gov/MARC21/slim">
 <record>
  <leader>01624nam a2200217Ia 4500</leader>
  <controlfield tag="001">CTU_133676</controlfield>
  <controlfield tag="008">210402s9999    xx            000 0 und d</controlfield>
  <datafield tag="020" ind1=" " ind2=" ">
   <subfield code="c">102.63</subfield>
  </datafield>
  <datafield tag="082" ind1=" " ind2=" ">
   <subfield code="a">629.836</subfield>
  </datafield>
  <datafield tag="082" ind1=" " ind2=" ">
   <subfield code="b">G249</subfield>
  </datafield>
  <datafield tag="100" ind1=" " ind2=" ">
   <subfield code="a">Gasparyan, Oleg N.</subfield>
  </datafield>
  <datafield tag="245" ind1=" " ind2="0">
   <subfield code="a">Linear and nonlinear multivariable feedback control :</subfield>
  </datafield>
  <datafield tag="245" ind1=" " ind2="2">
   <subfield code="b">A classical approach</subfield>
  </datafield>
  <datafield tag="245" ind1=" " ind2="0">
   <subfield code="c">Oleg N. Gasparyan</subfield>
  </datafield>
  <datafield tag="260" ind1=" " ind2=" ">
   <subfield code="a">Chichester, England</subfield>
  </datafield>
  <datafield tag="260" ind1=" " ind2=" ">
   <subfield code="b">John Wiley &amp; Sons, Ltd.</subfield>
  </datafield>
  <datafield tag="260" ind1=" " ind2=" ">
   <subfield code="c">2008</subfield>
  </datafield>
  <datafield tag="520" ind1=" " ind2=" ">
   <subfield code="a">Common in manufacturing, medicine, economics, communications and space systems, these control systems compare the ideal (input) and actual (output) signals and modify the behavior of the system according to standard. Gasparyan (State Engineering U. of Armenia) presents an original unified control theory of both linear and nonlinear multivariate feedback systems, also known as &quot;multi-input multi-output&quot; (MIMO) systems as a straightforward extension of classical control theory. With applications and examples, he describes traditional representations and stability analyses of linear MIMO systems, the performance and design of linear MIMO systems, one-frequency self-oscillation in nonlinear harmonically linear MIMO systems, forced oscillation and generalized frequency response characteristics of nonlinear MIMO systems, and absolute stability of nonlinear MIMO systems. This would work well as a professional reference and self-study guide as well as a course text.</subfield>
  </datafield>
  <datafield tag="650" ind1=" " ind2=" ">
   <subfield code="a">Control theory,Feedback control systems,Functions of complex variables</subfield>
  </datafield>
  <datafield tag="904" ind1=" " ind2=" ">
   <subfield code="i">Giang</subfield>
  </datafield>
  <datafield tag="980" ind1=" " ind2=" ">
   <subfield code="a">Trung tâm Học liệu Trường Đại học Cần Thơ</subfield>
  </datafield>
 </record>
</collection>
